000 00843nam a2200253 a 4500
008
020 _a0805304401 (cased)
090 _aQA76.73.A35
_bMIL
100 1 _aMiller, Nancy E.
245 1 0 _aFile structures with Ada /
_cNancy E. Miller, Charles G. Petersen.
260 _aRedwood City, Calif. :
_bBenjamin/Cummings,
_c1990.
300 _a1 v. (various pagings) :
_bill. ;
_c25 cm.
440 0 _aBenjamin/Cummings series in computer science.
504 _aIncludes bibliographical references.
650 0 _aAda (Computer program language)
650 0 _aFile organization (Computer science)
700 1 0 _aPetersen, Charles G.
907 _a.b10088386
_b20-04-12
_c10-09-03
003
005 20230123133418.0
040 _cNUST
049 _aMAIN
942 _cBOOKS
_kQA76.73.A35
_mMIL
999 _c148137
_d148137